Πόλη και ψυχή

Αποθηκεύτηκε σε:
Λεπτομέρειες βιβλιογραφικής εγγραφής
Κύριος συγγραφέας: Simmel, Georg, 1858-1918
Άλλοι συγγραφείς: Λυκιαρδόπουλος, Γεράσιμος, 1936- (Μεταφραστής), Lukács, György, 1885-1971 (Συγγραφέας εισαγωγής κ.λπ.)
Μορφή: Βιβλίο
Γλώσσα:Greek
German
Δημοσίευση: Αθήνα : Έρασμος, 1993.
Σειρά:Ιδέες (Εκδόσεις Έρασμος) 21
Θέματα:
Ετικέτες: Προσθήκη ετικέτας
Δεν υπάρχουν, Καταχωρήστε ετικέτα πρώτοι!

MARC

LEADER 00000cam a2200000 i 4500
001 1/88217
008 080610s1993 gr | ||| |||| ||gre||
035 |l 10098061 
040 |a GR-MyUA  |b gre  |e AACR2 
041 1 |a gre  |h ger 
082 0 |a 302.545  |2 (22) 
100 1 |a Simmel, Georg,   |d 1858-1918. 
245 1 0 |a Πόλη και ψυχή /   |c Georg Simmel ; αντί εισαγωγής Georg Lukacs για τον Γκέοργκ Ζίμμελ ; μετάφραση Γεράσιμου Λυκιαρδόπουλου.  
260 |a Αθήνα :   |b Έρασμος,   |c 1993.  
300 |a 31 σ. ;   |c 21 εκ.  
490 1 |a (Οι ιδέες   |v ; 21)  
500 |a Αγγλική μετάφραση των H. Η. Gepth και C. Wright Mills που περιέχονται στη συλλογή "Man alone: alienation in modern society" των Eric και Mary Jopephson, 1962 
500 |a Τίτλος πρωτοτύπου: Die grossstadte und das geistesleben.  
650 0 0 |a Civilization. 
650 0 0 |a Social isolation. 
650 0 0 |a Alienation (Social psychology) 
700 1 |a Λυκιαρδόπουλος, Γεράσιμος,   |d 1936-  |e trl 
700 1 |a Lukács, György,   |d 1885-1971,  |e aui 
830 0 |a Ιδέες (Εκδόσεις Έρασμος)  |v  21 
852 |a INST  |b LESVOS  |e 20080610  |h 302.545 SIM  |p 005100041611  |q 005100041611  |t BK  |y 0 
901 |a BIBL1-2008-2 
909 |a Λ  |b 137559 
970 |a ΚΑΡΑ  |b ΓΙΑΣΕΜΗ  |z 2008/06/10